| 000 | 00880nam a2200229 a 4500 | ||
|---|---|---|---|
| 001 | BRCA_2649 | ||
| 005 | 20190320203915.0 | ||
| 008 | 011208s1951----paua---###---#000-0#eng-u | ||
| 050 | 4 |
_aNK4485 _b.L35 1938 |
|
| 100 | 1 |
_aLaidacker, Samuel H. _97529 |
|
| 245 | 1 | 0 |
_aThe Standard catalogue of Anglo-American China _cSamuel H. Laidacker. |
| 260 |
_aScranton, Pensilvania _bS. Laidacker _c1938 |
||
| 300 |
_a2 v. _bil. _c23 cm. |
||
| 500 | _aLa biblioteca tiene solo el V. 1. | ||
| 500 | _aA99 | ||
| 505 | 0 | _aContenido: Pte. 1. From 1810 to 1850, printed and decorative ware made in England by the Stafford shire potters for the American trade. -- Pte. 2. Other than American views appearing on transfer... | |
| 650 | 1 | 4 |
_aStaffordshire, CerĂ¡mica de _97294 |
| 650 | 1 | 4 |
_aPorcelana _zInglaterra _97530 |
| 650 | 1 | 4 |
_aPorcelana _zEstados Unidos _97316 |
| 902 | _aGFM | ||
| 942 |
_2lcc _cB |
||
| 999 |
_c2389 _d2389 |
||